| 000 | 01102nam a2200277 a 4500 | ||
|---|---|---|---|
| 008 | 951213s1979||||[C 0 slo c | ||
| 020 |
_c80 Kčs. _q(15000 výtl.) |
||
| 040 |
_aSNK _bslo _cSNK _eAACR2 |
||
| 041 | 1 |
_aslo _hcze |
|
| 044 |
_axo _cSK |
||
| 080 | _a75.036"18(084.11) | ||
| 100 | 1 |
_aSedlář, Jaroslav _4aut |
|
| 245 | 1 | 0 |
_aRealistické maliarstvo 19. storočia _cJaroslav Sedlář ; Božena Grečnerová, Ľubomír Krátky, V. Fyman, I. Kleinová, Ľ. Mišurová, Jaroslav Sedlář |
| 250 | _a1., vyd. | ||
| 260 |
_aBratislava _bPallas _c1979 _eMartin _fTlačiarne SNP |
||
| 300 |
_a287 s., 34,78 AH _bFareb. a čiernobiele reprod. _c28 cm |
||
| 490 | 0 |
_aGaléria _vZv. 3. |
|
| 500 | _aLit. 310. Ilustr. na front. Zozn. reprod. Reg. výtv. umelcov. 310 zázn. lit. o knihách v jaz. čes., rus., nem., angl., franc., maď. poľ., tal., bulh. a rumun. | ||
| 700 | 1 |
_aGrečnerová, Božena _4trl |
|
| 700 | 1 |
_aKrátky, Ľubomír _4bkd |
|
| 700 | 1 |
_aFyman, V. _4bkd |
|
| 700 | 1 |
_aKleinová, I. _4bkd |
|
| 700 | 1 |
_aMišurová, Ľ. _4bkd |
|
| 700 | 1 |
_aSedlář, Jaroslav _4bkd |
|
| 958 | _aA | ||
| 999 |
_c14992 _d14992 |
||